<?xml version="1.0" encoding="UTF-8"?><?xml-stylesheet type="text/xsl" href="static/style.xsl"?><OAI-PMH xmlns="http://www.openarchives.org/OAI/2.0/" xmlns:xsi="http://www.w3.org/2001/XMLSchema-instance" xsi:schemaLocation="http://www.openarchives.org/OAI/2.0/ http://www.openarchives.org/OAI/2.0/OAI-PMH.xsd"><responseDate>2026-04-14T06:33:57Z</responseDate><request verb="GetRecord" identifier="oai:www.recercat.cat:10230/34188" metadataPrefix="marc">https://recercat.cat/oai/request</request><GetRecord><record><header><identifier>oai:recercat.cat:10230/34188</identifier><datestamp>2025-12-21T17:58:49Z</datestamp><setSpec>com_2072_6</setSpec><setSpec>col_2072_452952</setSpec></header><metadata><record xmlns="http://www.loc.gov/MARC21/slim" xmlns:dcterms="http://purl.org/dc/terms/" xmlns:xsi="http://www.w3.org/2001/XMLSchema-instance" xmlns:doc="http://www.lyncode.com/xoai" xsi:schemaLocation="http://www.loc.gov/MARC21/slim http://www.loc.gov/standards/marcxml/schema/MARC21slim.xsd">
   <leader>00925njm 22002777a 4500</leader>
   <datafield ind2=" " ind1=" " tag="042">
      <subfield code="a">dc</subfield>
   </datafield>
   <datafield ind2=" " ind1=" " tag="720">
      <subfield code="a">Mayol, Laia</subfield>
      <subfield code="e">author</subfield>
   </datafield>
   <datafield ind2=" " ind1=" " tag="720">
      <subfield code="a">Clark, Robin</subfield>
      <subfield code="e">author</subfield>
   </datafield>
   <datafield ind2=" " ind1=" " tag="260">
      <subfield code="c">2018-03-16T11:54:44Z</subfield>
   </datafield>
   <datafield ind2=" " ind1=" " tag="260">
      <subfield code="c">2018-03-16T11:54:44Z</subfield>
   </datafield>
   <datafield ind2=" " ind1=" " tag="260">
      <subfield code="c">2010</subfield>
   </datafield>
   <datafield ind2=" " ind1=" " tag="520">
      <subfield code="a">This paper investigates the variation between null and overt subject pronouns in Catalan, a null subject language. We account for this variation in game-theoretical terms: that is, we analyze the distribution of both overt and null pronouns as a result of the strategic interaction between participants in a communicative exchange. First, we examine the Position of Antecedent Hypothesis (PAH), as put forward by Carminati (2002). This hypothesis proposes that null and overt pronouns have difeerent biases: null pronouns prefer antecedents in subject positions, while overt pronouns prefer antecedents in non-subject positions. Carminati (2002) tested the PAH for Italian in a variety of intrasentential contexts. In this paper, we show experimentally that the PAH also holds for Catalan even in across-sentence contexts. In the second place, we also show how the PAH can be naturally redefined as a game of partial information, in which speaker and hearer are trying to communicate. This redefinition does not just translate the PAH into a different notation, but it extends the PAH into a model that makes more accurate predictions, since it can account also for the cases in which the biases predicted by the PAH are not obeyed.</subfield>
   </datafield>
   <datafield tag="653" ind2=" " ind1=" ">
      <subfield code="a">Anaphora</subfield>
   </datafield>
   <datafield tag="653" ind2=" " ind1=" ">
      <subfield code="a">Game theory</subfield>
   </datafield>
   <datafield tag="653" ind2=" " ind1=" ">
      <subfield code="a">Null-subject languages</subfield>
   </datafield>
   <datafield tag="653" ind2=" " ind1=" ">
      <subfield code="a">Catalan</subfield>
   </datafield>
   <datafield ind2="0" ind1="0" tag="245">
      <subfield code="a">Pronouns in Catalan: games of partial information and the use of linguistic resources</subfield>
   </datafield>
</record></metadata></record></GetRecord></OAI-PMH>